| 000 | 00999nam a2200349 4500 | ||
|---|---|---|---|
| 001 | 002014982 | ||
| 003 | DO-SdBNP | ||
| 005 | 20231003130944.0 | ||
| 007 | 002014982 | ||
| 008 | 050404s 2001 sp | ||spa | ||
| 017 |
_a _b |
||
| 020 | _a820636452 | ||
| 035 | _a | ||
| 040 |
_aBPMSU _bspa _cBPMSU _e |
||
| 080 | 0 | _a | |
| 082 | 4 |
_a888.4 _bP718F 2001 _222 |
|
| 100 | 1 |
_aPlatón, _d428?-347 a. C. |
|
| 245 | 1 | 0 |
_aFedón ; Fedro / _cPlatón ; introducción, traducción y notas de Luis Gil Fernández. _h |
| 246 | _aFedro | ||
| 260 |
_aMadrid : _bAlianza Editorial. _c2001 |
||
| 300 |
_a187 p. : _c19 cm. |
||
| 490 | 0 |
_aClásicos de Grecia y Roma _v |
|
| 590 | _aInventariado, 2023/VM | ||
| 650 | 4 |
_aLiteratura griega _vColecciones de escritos _2 |
|
| 650 | 4 | _aFilosofía del arte. | |
| 650 | 4 |
_aAmor _xFilosofí _v _2 |
|
| 700 | 1 |
_aPlatón _tFedro |
|
| 700 | 1 |
_aGil Fernández, Luis _etr. |
|
| 740 | 0 | 2 | _aFedro |
| 910 | _aVMateo V. Control de calidad BPMSU | ||
| 942 |
_2ddc _cBK |
||
| 999 |
_c9059 _d9059 |
||